[Event "Summer op"]
[Site "Toronto CAN"]
[Date "2000.08.19"]
[Round "7"]
[White "Day, Lawrence"]
[Black "Spraggett, Kevin"]
[Result "1/2-1/2"]
[WhiteElo "2352"]
[BlackElo "2501"]
[PlyCount "65"]
[GameId "2160767911652789"]
[EventDate "2000.08.16"]
[EventType "swiss"]
[EventRounds "9"]
[EventCountry "CAN"]
[SourceTitle "EXT 2001"]
[Source "ChessBase"]
[SourceDate "2000.11.22"]
[SourceVersion "1"]
[SourceVersionDate "2000.11.22"]
[SourceQuality "1"]

1. e4 c5 2. Nf3 e6 3. Qe2 Nc6 4. g3 d6 5. Bg2 g6 6. O-O Bg7 7. c3 e5 8. a3 Nge7 9. b4 O-O 10. Bb2 b6 11. Rd1 Qc7 12. d3 h6 13. Nbd2 Bb7 14. Nc4 Rad8 15. b5 Nb8 16. a4 d5 17. exd5 Nxd5 18. Re1 Rfe8 19. Qc2 Nd7 20. Qb3 N7f6 21. Nfxe5 Nh5 22. d4 Re6 23. Nc6 Rxe1+ 24. Rxe1 Bxc6 25. bxc6 cxd4 26. cxd4 Qxc6 27. Ne5 Qe6 28. Rc1 Ndf4 29. Qxe6 Nxe6 30. Nc6 Rd7 31. Ne5 Rd8 32. Nc6 Rd7 33. Ne5 1/2-1/2

[Event "Summer op"]
[Site "Toronto CAN"]
[Date "2000.08.19"]
[Round "7"]
[White "Tyomkin, Dimitri"]
[Black "Teodoro, Eduardo"]
[Result "1-0"]
[WhiteElo "2522"]
[BlackElo "2395"]
[PlyCount "45"]
[GameId "2160767911652791"]
[EventDate "2000.08.16"]
[EventType "swiss"]
[EventRounds "9"]
[EventCountry "CAN"]
[SourceTitle "EXT 2001"]
[Source "ChessBase"]
[SourceDate "2000.11.22"]
[SourceVersion "1"]
[SourceVersionDate "2000.11.22"]
[SourceQuality "1"]

1. d4 Nf6 2. c4 e6 3. Bg5 d5 4. Nc3 Be7 5. cxd5 exd5 6. Qc2 c6 7. e3 O-O 8. Bd3 Nbd7 9. Nf3 Re8 10. h3 Nf8 11. Bf4 Bd6 12. Bxd6 Qxd6 13. O-O-O b5 14. Kb1 a5 15. Rc1 a4 16. Ne5 N6d7 17. Nxd7 Bxd7 18. Ne2 Qf6 19. Nf4 g6 20. g4 Ne6 21. Nxe6 Rxe6 22. Rhg1 Rae8 23. Bf5 1-0

[Event "Summer op"]
[Site "Toronto CAN"]
[Date "2000.08.20"]
[Round "8"]
[White "Rozentalis, Eduardas"]
[Black "Day, Lawrence"]
[Result "1-0"]
[WhiteElo "2570"]
[BlackElo "2352"]
[PlyCount "67"]
[GameId "2160767911652793"]
[EventDate "2000.08.16"]
[EventType "swiss"]
[EventRounds "9"]
[EventCountry "CAN"]
[SourceTitle "EXT 2001"]
[Source "ChessBase"]
[SourceDate "2000.11.22"]
[SourceVersion "1"]
[SourceVersionDate "2000.11.22"]
[SourceQuality "1"]

1. e4 d6 2. d4 Nf6 3. Nc3 g6 4. Nf3 Bg7 5. Be2 O-O 6. O-O c5 7. d5 Na6 8. Nd2 Nc7 9. a4 a6 10. a5 Nb5 11. Re1 Nxc3 12. bxc3 Ne8 13. Ra3 Nc7 14. c4 e5 15. dxe6 Nxe6 16. c3 Bd7 17. Nf1 Bc6 18. Bd3 Qh4 19. Ne3 Rae8 20. Nd5 f5 21. exf5 gxf5 22. Ra2 f4 23. g3 fxg3 24. fxg3 Qh3 25. Re4 Nd4 26. Rxe8 Bxe8 27. cxd4 Bh5 28. Be2 Rf2 29. Kxf2 Qxh2+ 30. Ke1 Qxg3+ 31. Kd2 Qg5+ 32. Kc2 Qf5+ 33. Qd3 Qf2 34. Kb3 1-0

[Event "Summer op"]
[Site "Toronto CAN"]
[Date "2000.08.20"]
[Round "9"]
[White "Alcaide, Florante"]
[Black "Zubac, Marius"]
[Result "1-0"]
[WhiteElo "2141"]
[BlackElo "2304"]
[PlyCount "57"]
[GameId "2160767911652795"]
[EventDate "2000.08.16"]
[EventType "swiss"]
[EventRounds "9"]
[EventCountry "CAN"]
[SourceTitle "EXT 2022"]
[Source "ChessBase"]
[SourceDate "2021.10.06"]
[SourceVersion "1"]
[SourceVersionDate "2021.10.06"]
[SourceQuality "1"]

1. c4 f5 2. Nc3 Nf6 3. Nf3 e6 4. d4 d5 5. cxd5 exd5 6. Bg5 c6 7. e3 Bd6 8. Bd3 O-O 9. Ne5 Qe8 10. Bxf6 gxf6 11. Nf3 f4 12. Qc2 Qh5 13. O-O-O Na6 14. Qe2 Nb4 15. Bb1 fxe3 16. fxe3 Kh8 17. a3 a5 18. Rdf1 b6 19. Ne1 Qxe2 20. Nxe2 Na6 21. Ng3 Rf7 22. Nf5 Bf8 23. g4 Bxf5 24. Rxf5 Bh6 25. Kd2 Re8 26. Ng2 Nc7 27. h4 Rfe7 28. g5 Rg8 29. Rxf6 1-0

[Event "Summer op"]
[Site "Toronto CAN"]
[Date "2000.08.20"]
[Round "9"]
[White "Fernandez, Daniel"]
[Black "Mitrovic, Bojana"]
[Result "0-1"]
[WhiteElo "2242"]
[BlackElo "2057"]
[PlyCount "82"]
[GameId "2160767911652797"]
[EventDate "2000.08.16"]
[EventType "swiss"]
[EventRounds "9"]
[EventCountry "CAN"]
[SourceTitle "EXT 2022"]
[Source "ChessBase"]
[SourceDate "2021.10.06"]
[SourceVersion "1"]
[SourceVersionDate "2021.10.06"]
[SourceQuality "1"]

1. e4 g6 2. d4 Bg7 3. Nc3 d6 4. Be3 c6 5. Qd2 b5 6. f3 Nd7 7. g4 Nb6 8. Bd3 Nc4 9. Bxc4 bxc4 10. Nge2 Qa5 11. O-O-O Rb8 12. Rdg1 Qb4 13. Nd1 Qxd2+ 14. Kxd2 Nf6 15. b3 cxb3 16. axb3 Nd7 17. Ndc3 c5 18. dxc5 Nxc5 19. Ra1 a6 20. Bxc5 dxc5 21. Ra5 h5 22. g5 c4 23. bxc4 Rb4 24. c5 Kd7 25. Ke3 e6 26. Rd1+ Kc6 27. Rd6+ Kc7 28. Na4 Bf8 29. e5 Bxd6 30. cxd6+ Kb7 31. Nd4 Bd7 32. Nc5+ Kb6 33. Ndb3 Bb5 34. Ra1 Rc4 35. Ne4 Rxc2 36. h3 Rhc8 37. Nd4 Rc1 38. Ra2 Rh1 39. Nxb5 Kxb5 40. Rc2 Rxc2 41. d7 Re1+ 0-1

[Event "Summer op"]
[Site "Toronto CAN"]
[Date "2000.08.20"]
[Round "9"]
[White "Furstner, Nandor"]
[Black "Regnier, Alain"]
[Result "0-1"]
[WhiteElo "2098"]
[BlackElo "2179"]
[PlyCount "60"]
[GameId "2160767911652798"]
[EventDate "2000.08.16"]
[EventType "swiss"]
[EventRounds "9"]
[EventCountry "CAN"]
[SourceTitle "EXT 2022"]
[Source "ChessBase"]
[SourceDate "2021.10.06"]
[SourceVersion "1"]
[SourceVersionDate "2021.10.06"]
[SourceQuality "1"]

1. e4 e6 2. d4 d5 3. e5 c5 4. c3 Nc6 5. Nf3 Bd7 6. Bd3 Qb6 7. O-O cxd4 8. cxd4 Nxd4 9. Nxd4 Qxd4 10. Nc3 Qxe5 11. Re1 Qd6 12. Nb5 Qb6 13. Be3 Qa5 14. Bd2 Qb6 15. a4 a6 16. a5 Qd8 17. Nc3 Nf6 18. Bg5 Be7 19. f4 O-O 20. Kh1 d4 21. Ne2 Ng4 22. Kg1 Bxg5 23. fxg5 e5 24. h4 Ne3 25. Qb1 f5 26. Ng3 e4 27. Rxe3 dxe3 28. Bc4+ Kh8 29. b3 Bb5 30. Be6 Qd6 0-1

[Event "Summer op"]
[Site "Toronto CAN"]
[Date "2000.08.20"]
[Round "9"]
[White "Gregorz, Ralph"]
[Black "Zybura, Andre"]
[Result "0-1"]
[WhiteElo "2138"]
[BlackElo "2072"]
[PlyCount "120"]
[GameId "2160767911652799"]
[EventDate "2000.08.16"]
[EventType "swiss"]
[EventRounds "9"]
[EventCountry "CAN"]
[SourceTitle "EXT 2022"]
[Source "ChessBase"]
[SourceDate "2021.10.06"]
[SourceVersion "1"]
[SourceVersionDate "2021.10.06"]
[SourceQuality "1"]

1. g3 c5 2. Bg2 Nf6 3. f4 g6 4. Nf3 Nc6 5. O-O Bg7 6. d3 O-O 7. c3 Rb8 8. a4 a6 9. Kh1 b5 10. axb5 axb5 11. Be3 d6 12. Qc1 b4 13. c4 Bb7 14. Nbd2 Ra8 15. Qc2 Qb6 16. Nb3 Rxa1 17. Rxa1 Ra8 18. Qb1 Na5 19. Nxa5 Rxa5 20. Rxa5 Qxa5 21. b3 Ng4 22. Bg1 Qa8 23. h3 Nf6 24. Qc2 Qa1 25. Kh2 Nd7 26. Be3 Nf8 27. Bc1 Ne6 28. e3 Bc3 29. Nd2 Bxd2 30. Bxd2 Bxg2 31. Kxg2 Qa8+ 32. Kh2 Qf3 33. Bc1 Ng7 34. Qd2 Nf5 35. Qe1 h5 36. h4 Nh6 37. Bd2 Qa8 38. Qb1 Qf3 39. Qe1 Ng4+ 40. Kg1 Nf6 41. Kh2 Nd7 42. Bc1 Nb8 43. Qd2 Qf1 44. Bb2 Nd7 45. e4 e5 46. fxe5 dxe5 47. Qg2 Qxd3 48. Kh3 f6 49. Bc1 Kg7 50. Qd2 Qxd2 51. Bxd2 Nf8 52. Be3 Ne6 53. Kg2 Nd4 54. Bxd4 exd4 55. Kf3 Kf7 56. g4 Ke6 57. gxh5 gxh5 58. Kf4 Ke7 59. Kf3 Kd6 60. Kf4 Ke6 0-1

[Event "Summer op"]
[Site "Toronto CAN"]
[Date "2000.08.20"]
[Round "9"]
[White "Gurevich, Artjom"]
[Black "Filipovich, David"]
[Result "1/2-1/2"]
[WhiteElo "2248"]
[BlackElo "2328"]
[PlyCount "26"]
[GameId "2160767911652800"]
[EventDate "2000.08.16"]
[EventType "swiss"]
[EventRounds "9"]
[EventCountry "CAN"]
[SourceTitle "EXT 2022"]
[Source "ChessBase"]
[SourceDate "2021.10.06"]
[SourceVersion "1"]
[SourceVersionDate "2021.10.06"]
[SourceQuality "1"]

1. Nf3 d5 2. d4 c6 3. g3 Nf6 4. Bg2 Bf5 5. O-O e6 6. c4 Nbd7 7. Nc3 h6 8. Nd2 Be7 9. e4 dxe4 10. Ndxe4 Nxe4 11. Nxe4 Nf6 12. Re1 O-O 13. Bf4 Nxe4 1/2-1/2

[Event "Summer op"]
[Site "Toronto CAN"]
[Date "2000.08.20"]
[Round "9"]
[White "Lamb, Bryan"]
[Black "Pushkedra, Frank"]
[Result "0-1"]
[WhiteElo "2200"]
[BlackElo "2328"]
[PlyCount "70"]
[GameId "2160767911652801"]
[EventDate "2000.08.16"]
[EventType "swiss"]
[EventRounds "9"]
[EventCountry "CAN"]
[SourceTitle "EXT 2022"]
[Source "ChessBase"]
[SourceDate "2021.10.06"]
[SourceVersion "1"]
[SourceVersionDate "2021.10.06"]
[SourceQuality "1"]

1. c4 g6 2. g3 Bg7 3. Bg2 Nf6 4. Nf3 O-O 5. Nc3 d6 6. O-O Nc6 7. Rb1 a5 8. a3 Nh5 9. b4 axb4 10. axb4 f5 11. Qb3 Kh8 12. Bb2 f4 13. Ra1 Rxa1 14. Rxa1 Bg4 15. Nd5 e5 16. b5 Ne7 17. Ra7 Nxd5 18. cxd5 e4 19. Nd4 fxg3 20. hxg3 Qf6 21. f3 exf3 22. exf3 Bc8 23. Ra8 Qe5 24. Qe3 Qxg3 25. Ne6 Bxb2 26. Nxf8 Nf4 27. Nxg6+ hxg6 28. Rxc8+ Kh7 29. Rxc7+ Kh6 30. Kf1 Qxg2+ 31. Ke1 Qh1+ 32. Kf2 Qh4+ 33. Kf1 Bf6 34. Rf7 Qh1+ 35. Kf2 Bh4# 0-1

[Event "Summer op"]
[Site "Toronto CAN"]
[Date "2000.08.20"]
[Round "9"]
[White "Moskvitch, Andrei"]
[Black "Hacatoglu, Kevork"]
[Result "1/2-1/2"]
[WhiteElo "2205"]
[BlackElo "2215"]
[PlyCount "21"]
[GameId "2160767911652802"]
[EventDate "2000.08.16"]
[EventType "swiss"]
[EventRounds "9"]
[EventCountry "CAN"]
[SourceTitle "EXT 2022"]
[Source "ChessBase"]
[SourceDate "2021.10.06"]
[SourceVersion "1"]
[SourceVersionDate "2021.10.06"]
[SourceQuality "1"]

1. d4 e6 2. c4 b6 3. e4 Bb7 4. d5 Nf6 5. Bd3 b5 6. b3 Nxe4 7. Bxe4 Qf6 8. Nf3 Qxa1 9. O-O Bd6 10. Qc2 b4 11. Bb2 1/2-1/2

[Event "Summer op"]
[Site "Toronto CAN"]
[Date "2000.08.20"]
[Round "9"]
[White "Raheb, David"]
[Black "Wenaas, Eric"]
[Result "1/2-1/2"]
[WhiteElo "2088"]
[BlackElo "2273"]
[PlyCount "82"]
[GameId "2160767911652803"]
[EventDate "2000.08.16"]
[EventType "swiss"]
[EventRounds "9"]
[EventCountry "CAN"]
[SourceTitle "EXT 2022"]
[Source "ChessBase"]
[SourceDate "2021.10.06"]
[SourceVersion "1"]
[SourceVersionDate "2021.10.06"]
[SourceQuality "1"]

1. d4 d5 2. c4 e6 3. Nf3 Nf6 4. Nc3 Nbd7 5. Bf4 a6 6. c5 Be7 7. e3 Nh5 8. Be5 f6 9. Bg3 Nxg3 10. hxg3 f5 11. g4 fxg4 12. Ne5 Nxe5 13. dxe5 g3 14. fxg3 Bxc5 15. Bd3 Qg5 16. Qh5+ Qxh5 17. Rxh5 Bxe3 18. Ke2 Bc5 19. Rf1 Rf8 20. Rxh7 Rxf1 21. Bg6+ Kd8 22. Kxf1 Bf8 23. Rh4 Bd7 24. Rf4 Be7 25. Rf7 Be8 26. Rxg7 Bf8 27. Rg8 Ke7 28. g4 Bf7 29. Bxf7 Kxf7 30. Rh8 Re8 31. Ne2 Bg7 32. Rxe8 Kxe8 33. Nd4 Bxe5 34. Nxe6 Kf7 35. Nd8+ Kg6 36. b3 b6 37. Nc6 Bd6 38. Ke2 Kg5 39. Kd3 Bc5 40. b4 Bf2 41. Ne7 Kxg4 1/2-1/2

[Event "Summer op"]
[Site "Toronto CAN"]
[Date "2000.08.20"]
[Round "9"]
[White "Reddy, Tyler"]
[Black "Dougherty, Michael"]
[Result "0-1"]
[WhiteElo "2174"]
[BlackElo "2298"]
[PlyCount "112"]
[GameId "2160767911652804"]
[EventDate "2000.08.16"]
[EventType "swiss"]
[EventRounds "9"]
[EventCountry "CAN"]
[SourceTitle "EXT 2022"]
[Source "ChessBase"]
[SourceDate "2021.10.06"]
[SourceVersion "1"]
[SourceVersionDate "2021.10.06"]
[SourceQuality "1"]

1. c4 g6 2. g3 Bg7 3. Bg2 c5 4. Nc3 Nc6 5. e3 d6 6. Nge2 e5 7. O-O Nge7 8. b3 O-O 9. Bb2 Bg4 10. h3 Be6 11. d3 Qd7 12. Kh2 d5 13. cxd5 Nxd5 14. Ne4 b6 15. Ng5 Rad8 16. Nxe6 Qxe6 17. a3 f5 18. Re1 Bh6 19. Qc2 Rd6 20. Qc4 e4 21. d4 Na5 22. Qc2 Rc8 23. Rac1 c4 24. bxc4 Rxc4 25. Qb1 Rdc6 26. Qa2 Kf7 27. Bf1 g5 28. Rxc4 Nxc4 29. Rc1 Nxb2 30. Qxb2 f4 31. Rxc6 Qxc6 32. Qb3 Kf6 33. gxf4 gxf4 34. exf4 Qd6 35. Ng3 Bxf4 36. Qc2 Bxg3+ 37. fxg3 Ne3 38. Qf2+ Nf5 39. d5 Kg6 40. Qf4 Qxf4 41. gxf4 Ne3 42. Ba6 Nxd5 43. Kg3 Ne7 44. Be2 Kf6 45. Bc4 Kf5 46. Bf7 b5 47. Be8 a6 48. Bd7+ Kf6 49. Kf2 Nd5 50. Kg3 Nc3 51. Kf2 Nd5 52. Kg3 b4 53. axb4 Nxb4 54. Kf2 Nd5 55. Kg3 a5 56. Bc6 Nc3 0-1

[Event "Summer op"]
[Site "Toronto CAN"]
[Date "2000.08.20"]
[Round "9"]
[White "Schmidt, Tom"]
[Black "Gushuliak, Justin"]
[Result "1/2-1/2"]
[WhiteElo "2238"]
[BlackElo "2185"]
[PlyCount "42"]
[GameId "2160767911652805"]
[EventDate "2000.08.16"]
[EventType "swiss"]
[EventRounds "9"]
[EventCountry "CAN"]
[SourceTitle "EXT 2022"]
[Source "ChessBase"]
[SourceDate "2021.10.06"]
[SourceVersion "1"]
[SourceVersionDate "2021.10.06"]
[SourceQuality "1"]

1. e4 c5 2. Nf3 d6 3. d4 cxd4 4. Nxd4 Nf6 5. Nc3 Nc6 6. Bg5 e6 7. Qd2 a6 8. O-O-O h6 9. Be3 Be7 10. f3 Qc7 11. g4 b5 12. Nxc6 Qxc6 13. h4 b4 14. Ne2 d5 15. exd5 Nxd5 16. Bd4 Bc5 17. Kb1 Bxd4 18. Qxd4 O-O 19. Ng3 Qb6 20. Qxb6 Nxb6 21. Rd4 a5 1/2-1/2

[Event "Summer op"]
[Site "Winnipeg CAN"]
[Date "2000.07.20"]
[Round "1"]
[White "Mundwiler, Les"]
[Black "Proulx, Roy"]
[Result "1-0"]
[WhiteElo "2027"]
[BlackElo "1679"]
[PlyCount "111"]
[GameId "2160767911703402"]
[EventDate "2000.07.??"]
[EventType "swiss"]
[EventRounds "5"]
[EventCountry "CAN"]
[SourceTitle "EXT 2005"]
[Source "ChessBase"]
[SourceDate "2004.11.15"]
[SourceVersion "1"]
[SourceVersionDate "2004.11.15"]
[SourceQuality "1"]

1. d4 Nf6 2. c4 e6 3. Nf3 d5 4. g3 Ne4 5. a3 a5 6. Bg2 c6 7. O-O dxc4 8. Nc3 Nxc3 9. bxc3 Nd7 10. e4 Nf6 11. Bg5 Be7 12. Bxf6 Bxf6 13. e5 Be7 14. Nd2 O-O 15. Nxc4 Qc7 16. Ne3 Rd8 17. Qh5 Bf8 18. Be4 g6 19. Qf3 c5 20. Rfc1 Bh6 21. Rc2 Rb8 22. Ng4 Bg7 23. Rd1 Bd7 24. Rcd2 Ba4 25. Rb1 Qe7 26. Nf6+ Kh8 27. Bxb7 cxd4 28. cxd4 Bh6 29. Rdb2 Rxd4 30. Bc6 Rxb2 31. Rxb2 Bxc6 32. Qxc6 Rd8 33. Rb7 Qf8 34. Qc7 Kg7 35. Qxa5 Bg5 36. Ne4 Qe8 37. Nd6 Qc6 38. Rxf7+ Kg8 39. Qc7 Qxc7 40. Rxc7 Ra8 41. Rc8+ Rxc8 42. Nxc8 Bc1 43. a4 Bb2 44. f4 Kf7 45. Kg2 Ke8 46. Nd6+ Kd7 47. g4 g5 48. Nc4 Bd4 49. Kf3 Kc6 50. Nd6 gxf4 51. Kxf4 Kd5 52. Nf7 Bc3 53. h4 h6 54. g5 Bd2+ 55. Kg4 hxg5 56. hxg5 1-0

[Event "Summer op"]
[Site "Winnipeg CAN"]
[Date "2000.07.20"]
[Round "1"]
[White "Vincent, Trevor"]
[Black "Charter, Bennet"]
[Result "1-0"]
[WhiteElo "1083"]
[BlackElo "1739"]
[PlyCount "100"]
[GameId "2160767911703403"]
[EventDate "2000.07.??"]
[EventType "swiss"]
[EventRounds "5"]
[EventCountry "CAN"]
[SourceTitle "EXT 2005"]
[Source "ChessBase"]
[SourceDate "2004.11.15"]
[SourceVersion "1"]
[SourceVersionDate "2004.11.15"]
[SourceQuality "1"]

1. c4 e6 2. Nc3 d5 3. cxd5 exd5 4. d4 Nf6 5. g3 c6 6. Bg2 Bb4 7. Bd2 O-O 8. Nf3 Nbd7 9. O-O Re8 10. Re1 a5 11. a3 Bd6 12. Qc2 h6 13. Rab1 Nb6 14. Qc1 Bf5 15. Ra1 Re6 16. Bf4 a4 17. Bxd6 Qxd6 18. Qd1 Ne4 19. Nxe4 Bxe4 20. Nd2 Bxg2 21. Kxg2 Qe7 22. e3 Rf6 23. e4 dxe4 24. Nxe4 Re6 25. Nc5 Rxe1 26. Qxe1 Re8 27. Qb4 Nd7 28. Qxb7 Nxc5 29. Qxe7 Rxe7 30. dxc5 Re2 31. Rb1 Rc2 32. b4 axb3 33. Rxb3 Rxc5 34. Rb1 Kf8 35. Rb3 Ke7 36. Rd3 Ke6 37. Kf3 Rc4 38. Ke3 f5 39. f4 Rc2 40. h4 c5 41. Rb3 Kd5 42. Kd3 Rg2 43. a4 Rxg3+ 44. Kc2 Rg2+ 45. Kc3 g5 46. hxg5 hxg5 47. fxg5 Rxg5 48. Ra3 Rg3+ 49. Kb2 Rxa3 50. Kxa3 f4 1-0

[Event "Summer op"]
[Site "Winnipeg CAN"]
[Date "2000.07.20"]
[Round "1"]
[White "Xia, Yanchong"]
[Black "Trueman, Francis"]
[Result "1-0"]
[WhiteElo "1781"]
[BlackElo "1506"]
[PlyCount "67"]
[GameId "2160767911703404"]
[EventDate "2000.07.??"]
[EventType "swiss"]
[EventRounds "5"]
[EventCountry "CAN"]
[SourceTitle "EXT 2005"]
[Source "ChessBase"]
[SourceDate "2004.11.15"]
[SourceVersion "1"]
[SourceVersionDate "2004.11.15"]
[SourceQuality "1"]

1. e4 c6 2. d4 d5 3. e5 Bf5 4. Nf3 e6 5. Be2 Nd7 6. O-O c5 7. c3 c4 8. Nbd2 Be7 9. Re1 g5 10. Nf1 h5 11. Ne3 Nh6 12. Nd2 g4 13. f3 Bg5 14. Ndf1 Bh4 15. g3 gxf3 16. Bxf3 Be7 17. Bxh5 Nf8 18. Nxf5 Nxf5 19. Qf3 Rh7 20. Ne3 Nxe3 21. Bxe3 Bg5 22. Bg4 Kd7 23. Qxd5+ Ke8 24. Qe4 Rg7 25. Bf3 Rb8 26. Rad1 Bh4 27. Bg2 Ng6 28. d5 f5 29. exf6 Bxf6 30. Qxe6+ Be7 31. d6 Nf8 32. dxe7 Nxe6 33. exd8=Q+ Nxd8 34. Bxa7+ 1-0

[Event "Summer op"]
[Site "Winnipeg CAN"]
[Date "2000.07.21"]
[Round "1"]
[White "Lafreniere, Adrian"]
[Black "Khedkar, Jay S"]
[Result "0-1"]
[WhiteElo "1675"]
[BlackElo "2004"]
[PlyCount "74"]
[GameId "2160767911703405"]
[EventDate "2000.07.??"]
[EventType "swiss"]
[EventRounds "5"]
[EventCountry "CAN"]
[SourceTitle "EXT 2005"]
[Source "ChessBase"]
[SourceDate "2004.11.15"]
[SourceVersion "1"]
[SourceVersionDate "2004.11.15"]
[SourceQuality "1"]

1. e4 c5 2. Nf3 Nc6 3. d4 cxd4 4. Nxd4 Nf6 5. Nc3 e6 6. a3 Qc7 7. Be3 a6 8. Be2 d6 9. Qd2 Be7 10. O-O Ne5 11. f4 Neg4 12. f5 Nxe3 13. Qxe3 e5 14. Nb3 Bd7 15. Kh1 b5 16. g4 h6 17. Rac1 Rb8 18. Qd3 b4 19. axb4 Rxb4 20. Bf3 a5 21. Rb1 Bc6 22. Nd2 Qb7 23. b3 Rd4 24. Qe3 h5 25. g5 Ng4 26. Bxg4 hxg4 27. Rg1 Rh3 28. Rg3 Qb4 29. Re1 Rxg3 30. hxg3 Bxg5 31. Qxg5 Qxc3 32. Qxg7 Qxd2 33. Qg8+ Kd7 34. Qxf7+ Kd8 35. Qf8+ Kc7 36. Qe7+ Kb6 37. Qd8+ Kc5 0-1

[Event "Summer op"]
[Site "Winnipeg CAN"]
[Date "2000.07.22"]
[Round "2"]
[White "Khedkar, Jay S"]
[Black "Charter, Bennet"]
[Result "1/2-1/2"]
[WhiteElo "2004"]
[BlackElo "1739"]
[PlyCount "65"]
[GameId "2160767911703406"]
[EventDate "2000.07.??"]
[EventType "swiss"]
[EventRounds "5"]
[EventCountry "CAN"]
[SourceTitle "EXT 2005"]
[Source "ChessBase"]
[SourceDate "2004.11.15"]
[SourceVersion "1"]
[SourceVersionDate "2004.11.15"]
[SourceQuality "1"]

1. d4 d5 2. c4 c6 3. Nc3 e6 4. Nf3 dxc4 5. a4 Bb4 6. e3 b5 7. Bd2 a5 8. axb5 Bxc3 9. Bxc3 cxb5 10. b3 Bb7 11. bxc4 b4 12. Bb2 Nf6 13. Bd3 O-O 14. O-O Nbd7 15. Qa4 Ne4 16. Rfd1 Ndf6 17. Ne5 Qc7 18. Rac1 Rfd8 19. f3 Nd6 20. e4 Nd7 21. c5 Nxe5 22. cxd6 Qd7 23. Bb5 Nxf3+ 24. gxf3 Qxd6 25. e5 Qe7 26. Bc6 Bxc6 27. Qxc6 a4 28. Rd3 Rdb8 29. Ra1 a3 30. Rb3 Rc8 31. Qe4 Qg5+ 32. Kf2 Rab8 33. Bxa3 1/2-1/2

[Event "Summer op"]
[Site "Winnipeg CAN"]
[Date "2000.07.22"]
[Round "2"]
[White "Trueman, Francis"]
[Black "Lafreniere, Adrian"]
[Result "1-0"]
[WhiteElo "1506"]
[BlackElo "1675"]
[PlyCount "41"]
[GameId "2160767911703407"]
[EventDate "2000.07.??"]
[EventType "swiss"]
[EventRounds "5"]
[EventCountry "CAN"]
[SourceTitle "EXT 2005"]
[Source "ChessBase"]
[SourceDate "2004.11.15"]
[SourceVersion "1"]
[SourceVersionDate "2004.11.15"]
[SourceQuality "1"]

1. Nf3 c5 2. g3 Nc6 3. Bg2 d5 4. d3 Nf6 5. Nbd2 e6 6. O-O Bd6 7. c3 O-O 8. Re1 Bd7 9. e4 dxe4 10. dxe4 Ne5 11. Nxe5 Bxe5 12. Nc4 Bc7 13. e5 Nd5 14. Be3 Nxe3 15. Rxe3 Bb5 16. b3 Rb8 17. Rd3 Qe7 18. a4 Ba6 19. Rd7 Qe8 20. Rxc7 Rd8 21. Nd6 1-0

[Event "Summer op"]
[Site "Winnipeg CAN"]
[Date "2000.07.22"]
[Round "2"]
[White "Xia, Yanchong"]
[Black "Mundwiler, Les"]
[Result "0-1"]
[WhiteElo "2027"]
[BlackElo "1781"]
[PlyCount "62"]
[GameId "2160767911703408"]
[EventDate "2000.07.??"]
[EventType "swiss"]
[EventRounds "5"]
[EventCountry "CAN"]
[SourceTitle "EXT 2005"]
[Source "ChessBase"]
[SourceDate "2004.11.15"]
[SourceVersion "1"]
[SourceVersionDate "2004.11.15"]
[SourceQuality "1"]

1. e4 e5 2. Nf3 Nc6 3. Bc4 Nf6 4. d3 h6 5. O-O Be7 6. h3 d5 7. exd5 Nxd5 8. Re1 Qd6 9. Qe2 Nf4 10. Bxf4 exf4 11. Nc3 O-O 12. Qe4 Bd8 13. Nd5 g5 14. d4 Kg7 15. Ne5 Na5 16. Bd3 f5 17. Qf3 Be6 18. Nxf4 gxf4 19. Qh5 Rf6 20. Rad1 Nc6 21. c3 Ne7 22. g4 fxg3 23. f4 c5 24. Re3 cxd4 25. Rxg3+ Kh8 26. Ng6+ Kh7 27. Ne5 Bb6 28. Kh2 Rg8 29. Rdg1 Rxg3 30. Rxg3 dxc3 31. Qg4 Ng6 0-1

[Event "Summer op"]
[Site "Winnipeg CAN"]
[Date "2000.07.22"]
[Round "3"]
[White "Charter, Bennet"]
[Black "Medes, Bartek"]
[Result "1-0"]
[WhiteElo "1739"]
[BlackElo "1597"]
[PlyCount "105"]
[GameId "2160767911703409"]
[EventDate "2000.07.??"]
[EventType "swiss"]
[EventRounds "5"]
[EventCountry "CAN"]
[SourceTitle "EXT 2005"]
[Source "ChessBase"]
[SourceDate "2004.11.15"]
[SourceVersion "1"]
[SourceVersionDate "2004.11.15"]
[SourceQuality "1"]

1. e4 c5 2. Nf3 d6 3. d4 cxd4 4. Nxd4 Nf6 5. Nc3 a6 6. Bg5 e6 7. f4 Qb6 8. Nb3 Nbd7 9. Qf3 Qc7 10. O-O-O b5 11. a3 Bb7 12. g4 Rc8 13. Nd4 Nb6 14. Bxf6 gxf6 15. Qg3 Nc4 16. Bxc4 Qxc4 17. Qd3 Qxd3 18. Rxd3 Rg8 19. Rg3 Be7 20. Rhg1 Rc4 21. Rd1 Rc8 22. f5 e5 23. Nde2 Rc4 24. b3 Rc5 25. Nd5 Bxd5 26. Rxd5 Rxd5 27. exd5 Kd7 28. h3 Rc8 29. Rc3 Rxc3 30. Nxc3 Kc7 31. Ne4 h6 32. Kd2 Kb6 33. b4 Kc7 34. Ke3 Kd7 35. Kf3 Ke8 36. Nd2 Bd8 37. Ne4 Be7 38. Kg3 Kf8 39. Kf3 Ke8 40. Ke3 Kd7 41. Kd3 Kc7 42. c4 bxc4+ 43. Kxc4 Kb7 44. a4 Kb6 45. a5+ Kb7 46. b5 axb5+ 47. Kxb5 Kc7 48. a6 Bd8 49. Nxd6 Kb8 50. Nb7 e4 51. Nxd8 e3 52. Nc6+ Ka8 53. Nd4 1-0

[Event "Summer op"]
[Site "Winnipeg CAN"]
[Date "2000.07.22"]
[Round "3"]
[White "Mundwiler, Les"]
[Black "Khedkar, Jay S"]
[Result "0-1"]
[WhiteElo "2027"]
[BlackElo "2004"]
[PlyCount "90"]
[GameId "2160767911703410"]
[EventDate "2000.07.??"]
[EventType "swiss"]
[EventRounds "5"]
[EventCountry "CAN"]
[SourceTitle "EXT 2005"]
[Source "ChessBase"]
[SourceDate "2004.11.15"]
[SourceVersion "1"]
[SourceVersionDate "2004.11.15"]
[SourceQuality "1"]

1. d4 d5 2. Nf3 Nf6 3. g3 c6 4. Bg2 Nbd7 5. O-O e6 6. b3 Be7 7. Bb2 O-O 8. Nfd2 b6 9. c4 Bb7 10. Na3 Rc8 11. cxd5 exd5 12. Nc2 Re8 13. Ne1 Bd6 14. Nd3 Ba6 15. Nf3 c5 16. Nde5 c4 17. bxc4 dxc4 18. Bc3 Ne4 19. Qc2 Ndf6 20. Rad1 Qe7 21. Bh3 Rc7 22. Ng4 Nd5 23. Be1 c3 24. Nfe5 f5 25. Ne3 Nxe3 26. fxe3 Bxe5 27. dxe5 g6 28. Rd5 Bc4 29. Rd4 Qxe5 30. Bxc3 Nxc3 31. Qxc3 Bxa2 32. Qb2 Qxe3+ 33. Kh1 Qxe2 34. Qxe2 Rxe2 35. Rfd1 Rce7 36. Kg1 Bb3 37. Rc1 Re1+ 38. Rxe1 Rxe1+ 39. Kf2 Rd1 40. Rb4 Bd5 41. Ke3 Be4 42. Ra4 a5 43. Ra3 Kf7 44. g4 a4 45. gxf5 gxf5 0-1